Enhancing the Competitiveness of Small and Medium-Sized Enterprises by Introducing Innovation in the Global Economic Environment
Guardado en:
| Autor principal: | |
|---|---|
| Otros Autores: | , , , , , , , |
| Formato: | Libro |
| Lenguaje: | inglés |
| Publicado: |
Praha
Wolters Kluwer ČR
2018
|
| Edición: | 1st Edition |
| Materias: | |
| Etiquetas: |
Sin Etiquetas, Sea el primero en etiquetar este registro!
|
MARC
| LEADER | 00000nlm a2200000 4500 | ||
|---|---|---|---|
| 001 | 0251039 | ||
| 005 | 20240524070331.0 | ||
| 020 | |a 978-80-7598-252-0 | ||
| 041 | 0 | |a eng | |
| 044 | |a CZ | ||
| 245 | 1 | 0 | |a Enhancing the Competitiveness of Small and Medium-Sized Enterprises by Introducing Innovation in the Global Economic Environment |c Helena Majdúchová ... [et al.] ; Reviewers: Štefan Majtán, Miroslava Szarková, Miloš Mařík |
| 250 | |a 1st Edition | ||
| 264 | 1 | |a Praha |b Wolters Kluwer ČR |c 2018 | |
| 300 | |a CD-ROM 316 s. [18,82 AH] | ||
| 610 | 2 | 0 | |a podnik malý |
| 610 | 2 | 0 | |a podnik stredný |
| 610 | 2 | 0 | |a konkurencieschopnosť |
| 610 | 2 | 0 | |a inovácia |
| 610 | 2 | 0 | |a prostredie ekonomické |
| 610 | 2 | 0 | |a globalizácia |
| 610 | 2 | 0 | |a výskum |
| 610 | 2 | 0 | |a patenty |
| 610 | 2 | 0 | |a financovanie |
| 610 | 2 | 0 | |a partnerstvo strategické |
| 610 | 2 | 0 | |a klaster |
| 610 | 2 | 0 | |a Európska únia |
| 100 | 1 | |a Majdúchová, Helena, 1963- | |
| 700 | 1 | |a Rybárová, Daniela, 1967- | |
| 700 | 1 | |a Kintler, Jakub, 1979- | |
| 700 | 1 | |a Šagátová, Slavka, 1975- | |
| 700 | 1 | |a Jančovičová, Monika, 1991- | |
| 700 | 1 | |a Gajdová, Denisa, 1977- | |
| 700 | 1 | |a Majtán, Štefan | |
| 700 | 1 | |a Szarková, Miroslava, 1951- | |
| 700 | 1 | |a Mařík, Miloš | |